<?xml version="1.0" encoding="UTF-8"?>
<collection xmlns="http://www.loc.gov/MARC21/slim">
 <record>
  <leader>01238nam a22001937a 4500</leader>
  <controlfield tag="001">NCT_4_018758</controlfield>
  <controlfield tag="008">250512b        xxu||||| |||| 00| 0 vie d</controlfield>
  <datafield tag="999" ind1=" " ind2=" ">
   <subfield code="c">8907</subfield>
   <subfield code="d">8907</subfield>
  </datafield>
  <datafield tag="020" ind1=" " ind2=" ">
   <subfield code="a">9786045589533</subfield>
   <subfield code="c">249000</subfield>
  </datafield>
  <datafield tag="082" ind1="0" ind2="4">
   <subfield code="2">23rd ed.</subfield>
   <subfield code="a">959.749</subfield>
   <subfield code="b">H103</subfield>
  </datafield>
  <datafield tag="100" ind1="1" ind2=" ">
   <subfield code="a">Phan Thanh Hải</subfield>
  </datafield>
  <datafield tag="245" ind1="1" ind2="0">
   <subfield code="a">Huế - Còn lại với di sản </subfield>
   <subfield code="c">Phan Thanh Hải</subfield>
  </datafield>
  <datafield tag="260" ind1=" " ind2=" ">
   <subfield code="a">H.</subfield>
   <subfield code="b">Hà Nội </subfield>
   <subfield code="c">2023</subfield>
  </datafield>
  <datafield tag="300" ind1=" " ind2=" ">
   <subfield code="a">368 tr.</subfield>
   <subfield code="b">Ảnh</subfield>
   <subfield code="c">24 cm</subfield>
  </datafield>
  <datafield tag="520" ind1="3" ind2=" ">
   <subfield code="a">Cuốn sách tập trung về di sản văn hóa phong phú của cố đô Huế, đặc biệt là di sản cung đình thời Nguyễn. Tác phẩm cũng đề cập đến công tác bảo tồn và phát huy giá trị các di sản vật thể, phi vật thể và di sản tư liệu, phản ánh kinh nghiệm thực tiễn của tác giả trong suốt 27 năm công tác tại Trung tâm Bảo tồn Di tích Cố đô Huế</subfield>
  </datafield>
  <datafield tag="653" ind1=" " ind2=" ">
   <subfield code="a">Quản trị DV Du lịch và Lữ hành</subfield>
  </datafield>
  <datafield tag="942" ind1=" " ind2=" ">
   <subfield code="2">ddc</subfield>
   <subfield code="c">BK</subfield>
  </datafield>
  <datafield tag="952" ind1=" " ind2=" ">
   <subfield code="0">0</subfield>
   <subfield code="1">0</subfield>
   <subfield code="2">ddc</subfield>
   <subfield code="4">0</subfield>
   <subfield code="6">959_749000000000000_H103</subfield>
   <subfield code="7">0</subfield>
   <subfield code="9">30592</subfield>
   <subfield code="a">000001</subfield>
   <subfield code="b">000001</subfield>
   <subfield code="d">2025-05-12</subfield>
   <subfield code="o">959.749 H103</subfield>
   <subfield code="p">MD.23768</subfield>
   <subfield code="r">2025-05-12</subfield>
   <subfield code="v">249000.00</subfield>
   <subfield code="w">2025-05-12</subfield>
   <subfield code="y">BK</subfield>
  </datafield>
  <datafield tag="980" ind1=" " ind2=" ">
   <subfield code="a">Thư viện Trường Đại học Nam Cần Thơ</subfield>
  </datafield>
 </record>
</collection>
